| 000 | 00879cam a22002655a 4500 | ||
|---|---|---|---|
| 001 | 15648024 | ||
| 005 | 20161019113013.0 | ||
| 008 | 090305s2010 enka frb 001 0 eng d | ||
| 020 | _a9780470697344 | ||
| 040 |
_aDLC _cDLC _dDLC _dEG-ScBUE _beng |
||
| 082 | 0 | 4 |
_a005.12 _222 _bORT |
| 100 | 1 | _aOrtega-Arjona, Jorge Luis. | |
| 245 | 1 | 0 |
_aPatterns for parallel software design / _cJorge Luis Ortega-Arjona. |
| 260 |
_aChichester : _bJohn Wiley & Sons, _c2010. |
||
| 300 |
_axxii, 416 p. : _bill. ; _c25 cm. |
||
| 490 | 0 | _aWiley series in software design patterns. | |
| 500 | _aIncludes indexes. | ||
| 504 | _aBibliography : p. 397-407. | ||
| 650 | 7 |
_aParallel programming (Computer science) _2BUEsh _937076 |
|
| 650 | 7 |
_aSoftware patterns. _2BUEsh _919720 |
|
| 650 | 7 |
_aSoftware architecture. _2BUEsh _929417 |
|
| 651 | _2BUEsh | ||
| 653 |
_bCOMSCI _cOctober2016 |
||
| 942 | _2ddc | ||
| 999 |
_c22707 _d22679 |
||